Digital libraries / (Record no. 124728)

MARC details
000 -LEADER
fixed length control field 00739nam a22002537a 4500
003 - CONTROL NUMBER IDENTIFIER
control field 0
005 - DATE AND TIME OF LATEST TRANSACTION
control field 20180801105356.0
008 - FIXED-LENGTH DATA ELEMENTS--GENERAL INFORMATION
fixed length control field 0
010 ## - LIBRARY OF CONGRESS CONTROL NUMBER
LC control number B-227269
020 ## - INTERNATIONAL STANDARD BOOK NUMBER
Terms of availability 795.00
International Standard Book Number 8180520854
035 ## - SYSTEM CONTROL NUMBER
System control number B-227269, B-227271
037 ## - SOURCE OF ACQUISITION
Source of stock number/acquisition Cen Lib/Ret
040 ## - CATALOGING SOURCE
Original cataloging agency DPL
Language of cataloging EN
Transcribing agency 0
082 ## - DEWEY DECIMAL CLASSIFICATION NUMBER
Classification number 025.04
Item number ARM
100 ## - MAIN ENTRY--PERSONAL NAME
Personal name Arms, William
9 (RLIN) 11761
245 ## - TITLE STATEMENT
Title Digital libraries /
Statement of responsibility, etc by William Arms
260 ## - PUBLICATION, DISTRIBUTION, ETC. (IMPRINT)
Place of publication, distribution, etc New Delhi
Name of publisher, distributor, etc Ane Books
Date of publication, distribution, etc 2005
270 ## - ADDRESS
Address 4821 Parwana Bhawan 24 Aansari road Darya Ganj
City New Delhi
Postal code 110002
300 ## - PHYSICAL DESCRIPTION
Extent x, 287p.
Dimensions 22cm(Hb)
500 ## - GENERAL NOTE
General note includes glossary and index
650 ## - SUBJECT ADDED ENTRY--TOPICAL TERM
Topical term or geographic name as entry element Digital libraries
9 (RLIN) 218
650 ## - SUBJECT ADDED ENTRY--TOPICAL TERM
Topical term or geographic name as entry element Libraries--Special collections
9 (RLIN) 11762
942 ## - ADDED ENTRY ELEMENTS (KOHA)
Source of classification or shelving scheme Dewey Decimal Classification
Koha item type English Books
Classification part 025.04
Call number suffix ARM
Holdings
Withdrawn status Lost status Damaged status Not for loan Home library Current library Date acquired Source of acquisition Cost, normal purchase price Total Checkouts Full call number Barcode Date last seen Copy number Cost, replacement price Price effective from Koha item type Source of classification or shelving scheme Collection code
        Central Library Central Library 18/06/2015 Cen Lib/Ret 795.00   025.04 ARM B-227269 18/06/2015 1 795.00 15/09/2016 English Books    
        Central Library Central Library 21/12/2015 Cen Lib/Ret 795.00   025.04 ARM B-227270 21/12/2015 2 795.00 21/12/2015 English Books    
        Patel Nagar Patel Nagar 01/08/2018 BPPD/PUB 795.00   025.04 ARM B-227271 01/08/2018   795.00 01/08/2018 English Books Dewey Decimal Classification Non-fiction

© Delhi Public Library
Hit Counter
free hit counter